[Event "DEM U14w 2011"]
[Site "Oberhof GER"]
[Date "2011.06.16"]
[Round "7"]
[White "Bohdjalian, Roxanne"]
[Black "Krein, Jana"]
[Result "0-1"]
[Termination "normal"]
[Board "13"]
[WhiteElo "993"]
[BlackElo "1213"]
[PlyCount "86"]
[WhiteFideId "12937789"]
[BlackFideId "12937762"]
[EventCountry "GER"]
[EventRounds "9"]
[EventType "swiss"]
[EventDate "2011.06.11"]

1. b4 e5 2. Bb2 d6 3. e3 Nf6 4. Nf3 h6 5. d3 c6 6. Be2 Be6 7. O-O Nbd7 8. Nbd2
Be7 9. a3 O-O 10. e4 Qb6 11. d4 exd4 12. Bxd4 c5 13. Bc3 cxb4 14. axb4 a6 15.
Rb1 Qc6 16. Bxf6 Bxf6 17. b5 axb5 18. Bxb5 Qc7 19. c4 b6 20. Re1 Nc5 21. Nb3
Nxb3 22. Rxb3 Qc5 23. Qd3 Ra2 24. Re2 Rfa8 25. Rxa2 Rxa2 26. Qe3 Ra1+ 27. Ne1
Bd4 28. Qe2 Bxf2+ 29. Kf1 Rxe1+ 30. Qxe1 Bxe1 31. Kxe1 Qg1+ 32. Kd2 Qxg2+ 33.
Kc3 Qxe4 34. Kb4 d5 35. h3 dxc4 36. Rc3 Qb1+ 37. Ka3 Qxb5 38. h4 Qa5+ 39. Kb2
Qb4+ 40. Kc2 Bf5+ 41. Kd2 Qb2+ 42. Kd1 Qxc3 43. h5 Bg4# 0-1

[Event "DEM U14w 2011"]
[Site "Oberhof GER"]
[Date "2011.06.17"]
[Round "8"]
[White "Schwarz, Larissa"]
[Black "Zahn, Alina"]
[Result "1/2-1/2"]
[Termination "normal"]
[Board "1"]
[WhiteElo "1748"]
[BlackElo "1599"]
[PlyCount "61"]
[WhiteFideId "24699004"]
[BlackFideId "24696730"]
[EventCountry "GER"]
[EventRounds "9"]
[EventType "swiss"]
[EventDate "2011.06.11"]

1. c4 e6 2. e4 d5 3. exd5 exd5 4. d4 Bb4+ 5. Nc3 Nf6 6. Bd3 dxc4 7. Bxc4 O-O 8.
Nf3 Ne4 9. Qc2 Bf5 10. Bd3 Nxc3 11. bxc3 Bxd3 12. Qxd3 Re8+ 13. Be3 Be7 14. O-O
Nd7 15. Rfd1 Nf6 16. c4 c6 17. Rab1 Qc7 18. Qb3 b6 19. Ne5 Bd6 20. f4 c5 21.
Qd3 cxd4 22. Bxd4 Rad8 23. Qb3 Bc5 24. Qb2 Bxd4+ 25. Rxd4 Rxd4 26. Qxd4 Rd8 27.
Qe3 Nd7 28. Nxd7 Qxd7 29. c5 bxc5 30. Qxc5 Qa4 31. Qf2 1/2-1/2

[Event "DEM U14w 2011"]
[Site "Oberhof GER"]
[Date "2011.06.17"]
[Round "8"]
[White "Schäfer, Annabelle"]
[Black "Srokovskiy, Andrea"]
[Result "1/2-1/2"]
[Termination "normal"]
[Board "2"]
[WhiteElo "1545"]
[BlackElo "1749"]
[PlyCount "64"]
[WhiteFideId "12917729"]
[BlackFideId "4624947"]
[EventCountry "GER"]
[EventRounds "9"]
[EventType "swiss"]
[EventDate "2011.06.11"]

1. e4 c5 2. Nf3 e6 3. c4 Nc6 4. d4 cxd4 5. Nxd4 a6 6. a3 Qc7 7. Nc3 Nf6 8. Be2
d6 9. Be3 Be7 10. Rc1 b6 11. f3 Ne5 12. O-O O-O 13. Kh1 Bb7 14. Qd2 Rac8 15.
Rfd1 Qd7 16. b3 d5 17. cxd5 exd5 18. Nxd5 Nxd5 19. exd5 Bxa3 20. Ra1 Bc5 21.
Bxa6 Bxa6 22. Rxa6 Qxd5 23. Raa1 Rfd8 24. Nf5 Qxd2 25. Rxd2 Bxe3 26. Rxd8+ Rxd8
27. Nxe3 f6 28. Nc4 Nxc4 29. bxc4 Rd4 30. Rc1 Kf7 31. Kg1 Ke6 32. c5 bxc5
1/2-1/2

[Event "DEM U14w 2011"]
[Site "Oberhof GER"]
[Date "2011.06.17"]
[Round "8"]
[White "Bluhm, Sonja Maria"]
[Black "Heinemann, Josefine"]
[Result "1-0"]
[Termination "normal"]
[Board "3"]
[WhiteElo "1867"]
[BlackElo "1716"]
[PlyCount "67"]
[WhiteFideId "24654027"]
[BlackFideId "12900460"]
[EventCountry "GER"]
[EventRounds "9"]
[EventType "swiss"]
[EventDate "2011.06.11"]

1. e4 c5 2. Nf3 d6 3. d4 cxd4 4. Nxd4 Nf6 5. Nc3 a6 6. Be3 e6 7. f3 Nbd7 8. Qd2
b5 9. g4 h6 10. h4 Bb7 11. Rg1 Ne5 12. g5 hxg5 13. hxg5 Nfd7 14. g6 Nxg6 15.
Nxe6 fxe6 16. Rxg6 Ne5 17. Rg3 b4 18. Na4 Qh4 19. Qf2 Rc8 20. O-O-O Qh2 21. Bg2
Qh5 22. Rh3 Qxh3 23. Bxh3 Rxh3 24. Bd4 Nxf3 25. Qe2 Ng5 26. c3 Bxe4 27. Qxa6
Ra8 28. Qb5+ Kf7 29. Qxg5 Rxa4 30. Rf1+ Kg8 31. Rxf8+ Kxf8 32. Qd8+ Kf7 33.
Qd7+ Kf8 34. Qxd6+ 1-0

[Event "DEM U14w 2011"]
[Site "Oberhof GER"]
[Date "2011.06.17"]
[Round "8"]
[White "Diederichs, Luise"]
[Black "Böhm, Jana"]
[Result "1/2-1/2"]
[Termination "normal"]
[Board "4"]
[WhiteElo "1699"]
[BlackElo "1743"]
[PlyCount "85"]
[WhiteFideId "24661597"]
[BlackFideId "24661589"]
[EventCountry "GER"]
[EventRounds "9"]
[EventType "swiss"]
[EventDate "2011.06.11"]

1. d4 Nf6 2. c4 g6 3. Nc3 d5 4. Nf3 Bg7 5. e3 O-O 6. Bd3 Nc6 7. a3 dxc4 8. Bxc4
Bf5 9. O-O Na5 10. Ba2 Ne4 11. Nxe4 Bxe4 12. b4 Nc6 13. Bb2 a6 14. Qe2 e6 15.
Rfd1 Qf6 16. Rac1 Rac8 17. Rc5 b6 18. Rc3 Nb8 19. Rdc1 c6 20. Bc4 b5 21. Bb3
Rc7 22. Nd2 Bd5 23. Bxd5 exd5 24. Nb3 Nd7 25. Nc5 Nxc5 26. Rxc5 Rfc8 27. Qd1
Bf8 28. R5c2 Qf5 29. Qf3 Qxf3 30. gxf3 f5 31. Kg2 Bd6 32. f4 Kf7 33. Kf3 Kf6
34. h4 h5 35. Bc3 Be7 36. Bd2 Ke6 37. Kg3 Kd6 38. Ra2 Kd7 39. f3 Bf6 40. Be1
Kd6 41. Kg2 Re8 42. Rc3 Bxd4 43. exd4 1/2-1/2

[Event "DEM U14w 2011"]
[Site "Oberhof GER"]
[Date "2011.06.17"]
[Round "8"]
[White "Bosse, Lea"]
[Black "Gaßmann, Linda"]
[Result "1/2-1/2"]
[Termination "normal"]
[Board "5"]
[WhiteElo "1541"]
[BlackElo "1799"]
[PlyCount "108"]
[WhiteFideId "12900419"]
[BlackFideId "12900451"]
[EventCountry "GER"]
[EventRounds "9"]
[EventType "swiss"]
[EventDate "2011.06.11"]

1. e4 e5 2. Nf3 Nf6 3. Nc3 Nc6 4. d4 exd4 5. Nxd4 Bb4 6. Nxc6 bxc6 7. Bd3 d6 8.
O-O O-O 9. Bg5 Qe7 10. Qf3 Qe5 11. Bxf6 Qxf6 12. Qxf6 gxf6 13. Ne2 Kh8 14. Ng3
Rg8 15. a3 Bc5 16. Bc4 Be6 17. Ba2 Rab8 18. Bxe6 fxe6 19. b4 Bb6 20. c4 a5 21.
Rfe1 axb4 22. axb4 Bd4 23. Ra4 Ra8 24. Rxa8 Rxa8 25. Ne2 c5 26. Nxd4 cxd4 27.
c5 dxc5 28. bxc5 Ra5 29. Rc1 d3 30. Kf1 Ra2 31. Rd1 Rc2 32. Rxd3 Rxc5 33. Rd7
Kg8 34. Ke2 Rc2+ 35. Ke3 e5 36. h3 Rc3+ 37. Kd2 Rc6 38. Ke3 Rc3+ 39. Kd2 Rc6
40. g3 Rd6+ 41. Rxd6 cxd6 42. f4 exf4 43. gxf4 Kf7 44. f5 Ke7 45. Ke3 Kd7 46.
Kd4 Kd8 47. h4 h5 48. Kc4 Kc8 49. Kc3 Kc7 50. Kd4 Kd8 51. Ke3 Ke7 52. Kf4 Kf8
53. Ke3 Ke7 54. Kd2 Kd8 1/2-1/2

[Event "DEM U14w 2011"]
[Site "Oberhof GER"]
[Date "2011.06.17"]
[Round "8"]
[White "Siegl, Melina"]
[Black "Weber, Sandra"]
[Result "1/2-1/2"]
[Termination "normal"]
[Board "6"]
[WhiteElo "1665"]
[BlackElo "1624"]
[PlyCount "55"]
[WhiteFideId "1272126"]
[BlackFideId "1270049"]
[EventCountry "GER"]
[EventRounds "9"]
[EventType "swiss"]
[EventDate "2011.06.11"]

1. e4 c5 2. Nf3 Nc6 3. d4 cxd4 4. Nxd4 g6 5. Nc3 Bg7 6. Be3 Nf6 7. f3 O-O 8.
Bc4 Qb6 9. Bb3 Nxe4 10. Nd5 Qa5+ 11. c3 Nc5 12. Bc4 Bxd4 13. Bxd4 Ne6 14. Be3
d6 15. O-O Ng7 16. Kh1 Be6 17. Re1 Qd8 18. Qd2 Ne5 19. Bb3 Re8 20. Bf4 Nc6 21.
Ba4 Kh8 22. c4 Rc8 23. Rad1 Rf8 24. Bh6 Rg8 25. Ne3 Ne5 26. b3 a6 27. Rc1 Rb8
28. b4 1/2-1/2

[Event "DEM U14w 2011"]
[Site "Oberhof GER"]
[Date "2011.06.17"]
[Round "8"]
[White "Petermann, Tessa"]
[Black "Nitzsche, Pia"]
[Result "1/2-1/2"]
[Termination "normal"]
[Board "7"]
[WhiteElo "1358"]
[BlackElo "1590"]
[PlyCount "47"]
[WhiteFideId "12929492"]
[BlackFideId "12900370"]
[EventCountry "GER"]
[EventRounds "9"]
[EventType "swiss"]
[EventDate "2011.06.11"]

1. d4 Nf6 2. Nf3 g6 3. c4 Bg7 4. Nc3 O-O 5. e4 d6 6. h3 e5 7. d5 Na6 8. Bd3 Nc5
9. Be3 a5 10. O-O Bd7 11. Qd2 a4 12. Bc2 Nh5 13. Bh6 Qc8 14. Ne2 f5 15. exf5
Bxf5 16. Bxg7 Nxg7 17. Bxf5 Nxf5 18. Ng3 Ne7 19. Qh6 Rf7 20. Ng5 Rg7 21. f4 Nf5
22. Nxf5 Qxf5 23. fxe5 Qxe5 24. Rae1 1/2-1/2

[Event "DEM U14w 2011"]
[Site "Oberhof GER"]
[Date "2011.06.17"]
[Round "8"]
[White "Genath, Maren"]
[Black "Halas, Lena"]
[Result "0-1"]
[Termination "normal"]
[Board "8"]
[WhiteElo "1225"]
[BlackElo "1558"]
[PlyCount "80"]
[BlackFideId "12931799"]
[EventCountry "GER"]
[EventRounds "9"]
[EventType "swiss"]
[EventDate "2011.06.11"]

1. e4 c5 2. Nf3 Nc6 3. d4 cxd4 4. Nxd4 g6 5. Bc4 Bg7 6. c3 Nf6 7. Nxc6 bxc6 8.
e5 Nd5 9. Bxd5 cxd5 10. Qxd5 Rb8 11. O-O Qc7 12. Re1 O-O 13. Nd2 Bb7 14. Qc4
Bc6 15. Qd4 Qb7 16. Ne4 d6 17. f4 dxe5 18. fxe5 Rfd8 19. Qe3 Rd5 20. Nc5 Qb6
21. Nd3 Rxd3 22. Qxb6 axb6 23. Bf4 Rbd8 24. Kf2 b5 25. g3 h5 26. Re3 Rd2+ 27.
Re2 Rxe2+ 28. Kxe2 Bd7 29. Ke3 Bf5 30. a4 bxa4 31. Rxa4 Rd3+ 32. Ke2 Rd5 33.
Ke3 Bxe5 34. Bxe5 Rxe5+ 35. Kd2 Bg4 36. b4 Re2+ 37. Kd3 Rxh2 38. Kd4 Bd7 39.
Ra7 Rd2+ 40. Kc5 e5 0-1

[Event "DEM U14w 2011"]
[Site "Oberhof GER"]
[Date "2011.06.17"]
[Round "8"]
[White "Reksten, Anne"]
[Black "Koch, Elisabeth"]
[Result "1-0"]
[Termination "normal"]
[Board "9"]
[WhiteElo "1358"]
[BlackElo "1538"]
[PlyCount "93"]
[WhiteFideId "24692778"]
[BlackFideId "24695068"]
[EventCountry "GER"]
[EventRounds "9"]
[EventType "swiss"]
[EventDate "2011.06.11"]

1. c4 e5 2. g3 Nf6 3. Bg2 c6 4. d4 exd4 5. Qxd4 d5 6. cxd5 Be7 7. Nf3 cxd5 8.
Nc3 Nc6 9. Qa4 O-O 10. Be3 Bf5 11. O-O a6 12. Nd4 Nxd4 13. Qxd4 Be6 14. Rfd1
Rc8 15. Nxd5 Nxd5 16. Bxd5 Bf6 17. Qe4 Bxd5 18. Rxd5 Qe8 19. Qxe8 Rfxe8 20. Rb1
Rc2 21. Kf1 Rxb2 22. Rxb2 Bxb2 23. Rd7 b5 24. Ra7 Kf8 25. Bc5+ Kg8 26. Rxa6 f6
27. Ra5 Re5 28. Rxb5 Bc3 29. Rb8+ Kf7 30. Rc8 Rd5 31. Rc7+ Kg8 32. a3 Rd1+ 33.
Kg2 Be5 34. Ra7 Rd8 35. a4 Bd6 36. Bxd6 Rxd6 37. a5 h6 38. a6 Kh7 39. Ra8 Kg6
40. a7 Ra6 41. e4 Kf7 42. Kh3 Ra5 43. f4 Ra2 44. e5 fxe5 45. fxe5 Ra4 46. e6+
Ke7 47. Rg8 1-0

[Event "DEM U14w 2011"]
[Site "Oberhof GER"]
[Date "2011.06.17"]
[Round "8"]
[White "Krein, Jana"]
[Black "Lagunow, Elina"]
[Result "0-1"]
[Termination "normal"]
[Board "10"]
[WhiteElo "1213"]
[BlackElo "1738"]
[PlyCount "80"]
[WhiteFideId "12937762"]
[BlackFideId "4673387"]
[EventCountry "GER"]
[EventRounds "9"]
[EventType "swiss"]
[EventDate "2011.06.11"]

1. e4 c5 2. Nf3 Nc6 3. Bb5 g6 4. Bxc6 bxc6 5. Nc3 Bg7 6. O-O Nf6 7. d3 d5 8. e5
Nd7 9. d4 cxd4 10. Qxd4 O-O 11. Bf4 Nb6 12. Rfe1 Bf5 13. Rac1 Rc8 14. Na4 Nxa4
15. Qxa4 Qd7 16. Rcd1 Rfd8 17. c4 Qb7 18. cxd5 cxd5 19. Nd4 Rc4 20. Qa5 Rd7 21.
b3 Rb4 22. a3 Rb6 23. a4 Rb4 24. Bg3 a6 25. Nxf5 gxf5 26. e6 fxe6 27. Rxe6 Rxb3
28. Qxa6 Qxa6 29. Rxa6 e5 30. Ra8+ Kf7 31. f3 d4 32. Kf1 Rb2 33. a5 Ra2 34. Be1
Bh6 35. Bf2 Bd2 36. a6 e4 37. a7 e3 38. Bg1 Raxa7 39. Rxa7 Rxa7 40. Ke2 Ra2 0-1

[Event "DEM U14w 2011"]
[Site "Oberhof GER"]
[Date "2011.06.17"]
[Round "8"]
[White "Lemke, Berfîn"]
[Black "Rahimi, Anita"]
[Result "1-0"]
[Termination "normal"]
[Board "11"]
[WhiteElo "1592"]
[BlackElo "1341"]
[PlyCount "39"]
[WhiteFideId "1270578"]
[BlackFideId "24692336"]
[EventCountry "GER"]
[EventRounds "9"]
[EventType "swiss"]
[EventDate "2011.06.11"]

1. e4 c5 2. Nf3 a6 3. c3 e6 4. e5 Nc6 5. d4 cxd4 6. cxd4 d5 7. Nc3 Bb4 8. a3
Ba5 9. Bd3 h6 10. O-O Nge7 11. Ne2 Bd7 12. Ng3 O-O 13. Be3 Rc8 14. Nh4 Kh8 15.
Qh5 Ng8 16. Ng6+ Kh7 17. Nxf8+ Kh8 18. Ng6+ Kh7 19. Ne7+ Kh8 20. Nxc8 1-0

[Event "DEM U14w 2011"]
[Site "Oberhof GER"]
[Date "2011.06.17"]
[Round "8"]
[White "Mehling, Katharina"]
[Black "Bohdjalian, Roxanne"]
[Result "1-0"]
[Termination "normal"]
[Board "12"]
[WhiteElo "1644"]
[BlackElo "993"]
[PlyCount "123"]
[WhiteFideId "12900362"]
[BlackFideId "12937789"]
[EventCountry "GER"]
[EventRounds "9"]
[EventType "swiss"]
[EventDate "2011.06.11"]

1. e4 c6 2. d4 d5 3. Nc3 dxe4 4. Nxe4 Bf5 5. Ng3 Bg6 6. h4 h6 7. Nf3 Nd7 8. h5
Bh7 9. Bd3 Bxd3 10. Qxd3 e6 11. Bd2 Ngf6 12. O-O-O c5 13. Qe2 cxd4 14. Nxd4 Qb6
15. Nb3 Be7 16. f4 Qc6 17. Kb1 Rc8 18. Rc1 b6 19. Rhe1 O-O 20. Nh1 a5 21. g4 a4
22. Nd4 Qc4 23. Nf5 Rfe8 24. Nxe7+ Rxe7 25. Nf2 Qxe2 26. Rxe2 e5 27. Rce1 e4
28. Nxe4 Nxg4 29. Nf6+ Ngxf6 30. Rxe7 Nxh5 31. Rxd7 Ng3 32. Ree7 Rf8 33. Rb7 h5
34. Be1 Nf5 35. Re2 Rd8 36. c3 h4 37. Rxb6 h3 38. Bd2 Kh7 39. Rh2 Nh6 40. Kc2
f6 41. Rxh3 Kg6 42. Rg3+ Kf5 43. Rxg7 Ng4 44. Rxg4 Kxg4 45. Rxf6 Rh8 46. Ra6
Rh2 47. Rxa4 Kf5 48. b4 Rh6 49. Ra5+ Ke4 50. Re5+ Kf3 51. f5 Rh5 52. b5 Kg4 53.
a4 Rh7 54. b6 Rh8 55. a5 Rb8 56. f6 Rf8 57. b7 Rxf6 58. b8=Q Rf2 59. Qg8+ Kf3
60. Qf7+ Kg2 61. Qg6+ Kf1 62. Re1# 1-0

[Event "DEM U14w 2011"]
[Site "Oberhof GER"]
[Date "2011.06.17"]
[Round "8"]
[White "Denz, Annika"]
[Black "Klinge, Alexandra"]
[Result "0-1"]
[Termination "normal"]
[Board "13"]
[WhiteElo "1261"]
[BlackElo "1127"]
[PlyCount "106"]
[WhiteFideId "12922935"]
[EventCountry "GER"]
[EventRounds "9"]
[EventType "swiss"]
[EventDate "2011.06.11"]

1. e4 e5 2. Nf3 Nc6 3. Bc4 Bc5 4. c3 Nf6 5. d4 exd4 6. cxd4 Bb4+ 7. Nc3 Nxe4 8.
O-O Nxc3 9. bxc3 Ba5 10. d5 Ne7 11. Qd3 O-O 12. Ba3 d6 13. Ng5 Bf5 14. Qg3 Ng6
15. Bc1 Qf6 16. Bd2 Bb6 17. h4 h6 18. h5 Ne5 19. Bb3 Rfe8 20. Rfe1 Nd3 21.
Rxe8+ Rxe8 22. Rf1 hxg5 23. Bxg5 Qxc3 24. Kh2 Re1 25. Rxe1 Qxe1 26. Be3 Bxe3
27. Qxe3 Qxf2 28. Qxf2 Nxf2 29. g3 c5 30. dxc6 bxc6 31. Kg2 Ne4 32. Bc2 d5 33.
Ba4 c5 34. Kf3 Nc3 35. Bc6 Be4+ 36. Kf4 Nxa2 37. g4 c4 38. g5 c3 39. Ba4 c2 40.
Bxc2 Bxc2 41. Ke5 Be4 42. Kd4 a5 43. h6 gxh6 44. gxh6 a4 45. h7+ Kxh7 46. Ke3
a3 47. Kd2 f5 48. Ke3 Nc3 49. Kd4 a2 50. Ke5 a1=Q 51. Kf4 Ne2+ 52. Kg5 Qg7+ 53.
Kh4 Qg4# 0-1

[Event "DEM U14w 2011"]
[Site "Oberhof GER"]
[Date "2011.06.17"]
[Round "8"]
[White "Paliy, Margaryta"]
[Black "Rosmait, Emily"]
[Result "0-1"]
[Termination "normal"]
[Board "14"]
[WhiteElo "1237"]
[BlackElo "1253"]
[PlyCount "82"]
[WhiteFideId "24692417"]
[BlackFideId "12937754"]
[EventCountry "GER"]
[EventRounds "9"]
[EventType "swiss"]
[EventDate "2011.06.11"]

1. e4 e5 2. Nf3 Nc6 3. Bb5 Nf6 4. Nc3 Bd6 5. Bxc6 dxc6 6. d3 h6 7. h3 O-O 8.
O-O Be6 9. Be3 Re8 10. Qd2 Qd7 11. Rad1 Nh5 12. Ne2 f5 13. exf5 Bxf5 14. Nh2
Be6 15. f4 exf4 16. Nxf4 Ng3 17. Rf3 Nf5 18. Nxe6 Qxe6 19. Re1 Qe5 20. Ng4 Qe6
21. c3 h5 22. Nf2 Nh4 23. Qe2 Nxf3+ 24. Qxf3 Qd5 25. Qxd5+ cxd5 26. Kf1 Bg3 27.
c4 Bxf2 28. Kxf2 Rf8+ 29. Ke2 Rae8 30. cxd5 Rf5 31. d6 cxd6 32. Kd2 Rfe5 33. a3
d5 34. b4 d4 35. Bf2 Rxe1 36. Bxe1 Kf7 37. Bf2 Rd8 38. Kc2 Ke6 39. Kb3 Kd5 40.
a4 Rc8 41. Be1 Rc1 0-1

[Event "DEM U14w 2011"]
[Site "Oberhof GER"]
[Date "2011.06.18"]
[Round "9"]
[White "Halas, Lena"]
[Black "Schwarz, Larissa"]
[Result "0-1"]
[Termination "normal"]
[Board "3"]
[WhiteElo "1558"]
[BlackElo "1748"]
[PlyCount "132"]
[WhiteFideId "12931799"]
[BlackFideId "24699004"]
[EventCountry "GER"]
[EventRounds "9"]
[EventType "swiss"]
[EventDate "2011.06.11"]

1. e4 c5 2. Nf3 a6 3. d4 cxd4 4. Nxd4 Nf6 5. Nc3 e5 6. Nb3 Bb4 7. Bg5 Bxc3+ 8.
bxc3 h6 9. Bh4 Nc6 10. Bd3 b6 11. Qf3 Bb7 12. O-O Rc8 13. Rab1 Qe7 14. Rb2 g5
15. Bg3 h5 16. h3 Rb8 17. Qe3 h4 18. Bh2 g4 19. Kh1 Bc8 20. Nd2 d6 21. Rxb6
Rxb6 22. Qxb6 Qb7 23. Qxb7 Bxb7 24. Nc4 Ke7 25. f3 gxh3 26. gxh3 Bc8 27. Rd1
Bxh3 28. Be2 Rd8 29. Ne3 a5 30. Bb5 Na7 31. Ba4 Rc8 32. c4 Be6 33. Nd5+ Nxd5
34. cxd5 Bd7 35. Bxd7 Kxd7 36. Bg1 Nb5 37. Rb1 Na3 38. Rb7+ Rc7 39. Rxc7+ Kxc7
40. Bf2 Nxc2 41. Bxh4 a4 42. Bg5 Nb4 43. a3 Nc2 44. f4 Nxa3 45. fxe5 dxe5 46.
Bd2 Nc4 47. Bc3 a3 48. Kh2 f6 49. Kg3 a2 50. Kf3 Nd2+ 51. Ke3 Nb3 52. Kd3 Nc5+
53. Ke3 Kd6 54. Bb2 Ke7 55. Bc3 Na4 56. Ba1 Kd6 57. Kd2 Kc5 58. Kd1 Kc4 59. Kc2
Nc5 60. d6 Kb5 61. Kb2 Kc6 62. Kxa2 Kxd6 63. Kb2 Nxe4 64. Kc2 Kd5 65. Kd3 Nc5+
66. Ke3 f5 0-1

[Event "DEM U14w 2011"]
[Site "Oberhof GER"]
[Date "2011.06.18"]
[Round "9"]
[White "Böhm, Jana"]
[Black "Reksten, Anne"]
[Result "1/2-1/2"]
[Termination "normal"]
[Board "4"]
[WhiteElo "1743"]
[BlackElo "1358"]
[PlyCount "64"]
[WhiteFideId "24661589"]
[BlackFideId "24692778"]
[EventCountry "GER"]
[EventRounds "9"]
[EventType "swiss"]
[EventDate "2011.06.11"]

1. e4 c6 2. c4 d5 3. cxd5 cxd5 4. exd5 Qxd5 5. Nc3 Qd8 6. d4 Nf6 7. Bg5 e6 8.
Nf3 Be7 9. Bd3 Nc6 10. Bc2 O-O 11. O-O b6 12. a3 Bb7 13. Qd3 g6 14. Bh6 Re8 15.
Rfe1 Rc8 16. Rad1 Na5 17. Ne5 Nd5 18. Ne4 Bf8 19. Bd2 Nc6 20. Ba4 Bg7 21. Nc4
Bf8 22. Qh3 a6 23. Bxc6 Rxc6 24. Ne5 Rc7 25. Rc1 Rxc1 26. Rxc1 Nf4 27. Bxf4
Bxe4 28. Qe3 Bb7 29. Ng4 Bg7 30. Be5 f6 31. Bc7 Qd5 32. f3 b5 1/2-1/2

[Event "DEM U14w 2011"]
[Site "Oberhof GER"]
[Date "2011.06.18"]
[Round "9"]
[White "Gaßmann, Linda"]
[Black "Schäfer, Annabelle"]
[Result "0-1"]
[Termination "normal"]
[Board "5"]
[WhiteElo "1799"]
[BlackElo "1545"]
[PlyCount "84"]
[WhiteFideId "12900451"]
[BlackFideId "12917729"]
[EventCountry "GER"]
[EventRounds "9"]
[EventType "swiss"]
[EventDate "2011.06.11"]

1. e4 e5 2. Nf3 Nc6 3. d4 exd4 4. Nxd4 Nf6 5. Nxc6 bxc6 6. e5 Qe7 7. Qe2 Nd5 8.
c4 Ba6 9. b3 g6 10. Qe4 Nb6 11. Ba3 c5 12. Bd3 Bg7 13. O-O O-O 14. Re1 Rfe8 15.
Bb2 c6 16. Nd2 d5 17. Qf4 Nd7 18. Nf3 d4 19. Re4 Nxe5 20. Nxe5 Bxe5 21. Rae1
Bxf4 22. Rxe7 Rxe7 23. Rxe7 Kf8 24. Re4 Bd6 25. Bc1 Kg7 26. Kf1 Rd8 27. Bd2 Bc8
28. Ba5 Rf8 29. Re1 h5 30. h3 f5 31. g3 f4 32. Kg2 f3+ 33. Kh2 h4 34. Be4 hxg3+
35. fxg3 Rh8 36. h4 Rxh4+ 37. Kg1 Bxg3 38. Rf1 Rxe4 39. Rxf3 Re3 40. Kg2 Rxf3
41. Kxf3 Bd6 42. Bd2 Bf5 0-1

[Event "DEM U14w 2011"]
[Site "Oberhof GER"]
[Date "2011.06.18"]
[Round "9"]
[White "Heinemann, Josefine"]
[Black "Mehling, Katharina"]
[Result "1-0"]
[Termination "normal"]
[Board "6"]
[WhiteElo "1716"]
[BlackElo "1644"]
[PlyCount "41"]
[WhiteFideId "12900460"]
[BlackFideId "12900362"]
[EventCountry "GER"]
[EventRounds "9"]
[EventType "swiss"]
[EventDate "2011.06.11"]

1. e4 e6 2. d4 d5 3. e5 c5 4. c3 Nc6 5. Nf3 Bd7 6. Be2 f6 7. exf6 Nxf6 8. O-O
cxd4 9. cxd4 Bd6 10. Re1 O-O 11. a3 Rc8 12. Nc3 Qe8 13. Bd3 Bb8 14. Bc2 Na5 15.
Qd3 Nc4 16. b3 Nd6 17. Ng5 Qh5 18. h3 h6 19. Nh7 Rxc3 20. Nxf6+ gxf6 21. Qh7#
1-0

[Event "DEM U14w 2011"]
[Site "Oberhof GER"]
[Date "2011.06.18"]
[Round "9"]
[White "Lagunow, Elina"]
[Black "Siegl, Melina"]
[Result "0-1"]
[Termination "normal"]
[Board "7"]
[WhiteElo "1738"]
[BlackElo "1665"]
[PlyCount "106"]
[WhiteFideId "4673387"]
[BlackFideId "1272126"]
[EventCountry "GER"]
[EventRounds "9"]
[EventType "swiss"]
[EventDate "2011.06.11"]

1. e4 c5 2. c3 g6 3. d4 cxd4 4. cxd4 d5 5. f3 Bg7 6. Be3 Nh6 7. Qd2 Ng8 8. Bd3
dxe4 9. fxe4 e5 10. d5 Ne7 11. Ne2 f5 12. Nbc3 O-O 13. O-O fxe4 14. Bc4 Kh8 15.
Nxe4 Bf5 16. N2c3 Nd7 17. Kh1 Rc8 18. Bb3 a6 19. Ng5 Nc5 20. Bxc5 Rxc5 21. d6
Rc6 22. Nf7+ Rxf7 23. Bxf7 Rxd6 24. Qe3 Nc6 25. Rad1 Nd4 26. Bc4 b5 27. Bd3 Nc2
28. Bxc2 Bxc2 29. Rxd6 Qxd6 30. Rc1 Bf5 31. Rd1 Qc7 32. Qg5 h6 33. Qd8+ Qxd8
34. Rxd8+ Kh7 35. Ra8 Bd3 36. Kg1 e4 37. Kf2 Bd4+ 38. Ke1 b4 39. Nd1 Bb5 40.
Kd2 h5 41. g3 Bg1 42. h3 Bh2 43. Ra7+ Kh6 44. Re7 Bxg3 45. Rxe4 a5 46. Ne3 h4
47. Rd4 Bc6 48. Nc4 Bg2 49. Nxa5 Bxh3 50. Rxb4 Be6 51. a4 h3 52. Rd4 h2 53. Rd8
Kg7 0-1

[Event "DEM U14w 2011"]
[Site "Oberhof GER"]
[Date "2011.06.18"]
[Round "9"]
[White "Nitzsche, Pia"]
[Black "Lemke, Berfîn"]
[Result "1/2-1/2"]
[Termination "normal"]
[Board "8"]
[WhiteElo "1590"]
[BlackElo "1592"]
[PlyCount "51"]
[WhiteFideId "12900370"]
[BlackFideId "1270578"]
[EventCountry "GER"]
[EventRounds "9"]
[EventType "swiss"]
[EventDate "2011.06.11"]

1. c4 e5 2. Nc3 Nf6 3. d3 c6 4. Nf3 d6 5. g3 Be7 6. Bg2 Be6 7. O-O Nbd7 8. a3
O-O 9. b4 Ng4 10. Rb1 Rc8 11. Bd2 f5 12. e3 Qe8 13. Qe2 Qh5 14. h3 Ngf6 15. Ne1
Qg6 16. b5 Bd8 17. bxc6 bxc6 18. Nc2 Nh5 19. Bf3 Nhf6 20. Kh2 Qh6 21. Rh1 Bb6
22. Kg1 Qg6 23. Nb4 Nb8 24. Bg2 Nh5 25. Bf3 Nf6 26. Bg2 1/2-1/2

[Event "DEM U14w 2011"]
[Site "Oberhof GER"]
[Date "2011.06.18"]
[Round "9"]
[White "Weber, Sandra"]
[Black "Bosse, Lea"]
[Result "1/2-1/2"]
[Termination "normal"]
[Board "9"]
[WhiteElo "1624"]
[BlackElo "1541"]
[PlyCount "98"]
[WhiteFideId "1270049"]
[BlackFideId "12900419"]
[EventCountry "GER"]
[EventRounds "9"]
[EventType "swiss"]
[EventDate "2011.06.11"]

1. e4 d5 2. exd5 Qxd5 3. Nc3 Qa5 4. Nf3 Nf6 5. Bc4 Bf5 6. O-O e6 7. d3 c6 8. h3
Bd6 9. Re1 O-O 10. Nh4 Bg6 11. Nxg6 hxg6 12. Ne4 Be7 13. Bd2 Qc7 14. Qe2 Nd5
15. Rad1 Qe5 16. Nc3 Qxe2 17. Rxe2 Bf6 18. Bb3 Nxc3 19. Bxc3 Bxc3 20. bxc3 Nd7
21. d4 Nb6 22. c4 Rad8 23. Red2 Rd7 24. Kf1 Re8 25. c3 a5 26. a4 Kf8 27. f4 Ke7
28. Kf2 Rh8 29. Rd3 Rh4 30. Ke3 Rh5 31. Rh1 g5 32. g4 gxf4+ 33. Kxf4 Rh6 34.
Rf3 f6 35. Ke4 g6 36. Ke3 Rd8 37. Rg1 Rdh8 38. Rgg3 Nd7 39. Kf2 e5 40. Kg2 b6
41. Bc2 Rd8 42. d5 Nc5 43. Rxf6 Rd6 44. Rxd6 Kxd6 45. dxc6 g5 46. Re3 Re6 47.
Kg3 Kxc6 48. h4 gxh4+ 49. Kxh4 Rh6+ 1/2-1/2

[Event "DEM U14w 2011"]
[Site "Oberhof GER"]
[Date "2011.06.18"]
[Round "9"]
[White "Koch, Elisabeth"]
[Black "Petermann, Tessa"]
[Result "1-0"]
[Termination "normal"]
[Board "10"]
[WhiteElo "1538"]
[BlackElo "1358"]
[PlyCount "87"]
[WhiteFideId "24695068"]
[BlackFideId "12929492"]
[EventCountry "GER"]
[EventRounds "9"]
[EventType "swiss"]
[EventDate "2011.06.11"]

1. e4 c5 2. Nc3 d6 3. f4 Nc6 4. Bb5 Bd7 5. Bxc6 Bxc6 6. Nf3 Nf6 7. d3 e6 8. O-O
Be7 9. Ne2 Qc7 10. Be3 Ng4 11. Bd2 O-O 12. Ng3 d5 13. f5 dxe4 14. dxe4 Rad8 15.
Qe2 exf5 16. Nxf5 Rfe8 17. h3 Nf6 18. e5 Bf8 19. Bc3 Ne4 20. Be1 Nf6 21. Bg3
Ne4 22. Bh2 Qc8 23. N3h4 Rd2 24. Qg4 g6 25. Rac1 Kh8 26. Ne3 Qxg4 27. Nxg4 f5
28. exf6 Bd5 29. f7 Re7 30. Be5+ Rxe5 31. Nxe5 Kg7 32. Rcd1 Rxd1 33. Rxd1 Be6
34. Nhf3 h6 35. Kf1 Nd6 36. Ke2 Nxf7 37. Nxf7 Kxf7 38. Ne5+ Kg7 39. Rd8 b6 40.
Nxg6 Kxg6 41. Rxf8 Bd7 42. Ra8 a5 43. Rd8 Bb5+ 44. Ke3 1-0